[Event "CHI-ch sf qual U1600"]
[Site "Vina del Mar"]
[Date "2019.12.28"]
[Round "2.1"]
[White "Sepulveda Castro, Cesar"]
[Black "Montenegro Bravo, Manuel"]
[Result "1-0"]
[WhiteElo "1765"]
[BlackElo "1350"]
[PlyCount "51"]
[EventDate "2019.12.28"]
[EventType "swiss"]
[EventRounds "5"]
[EventCountry "CHI"]
[SourceTitle "EXT 2024"]
[Source "ChessBase"]
[SourceDate "2023.10.10"]
[SourceVersion "1"]
[SourceVersionDate "2023.10.10"]
[SourceQuality "1"]

1. Nf3 c6 2. d4 d5 3. c4 Nf6 4. g3 Bg4 5. Bg2 e6 6. 0-0 Be7 7. b3 Bxf3 8. Bxf3 0-0 9. Nc3 Bb4 10. Bb2 Nbd7 11. Qc2 Bxc3 12. Qxc3 Nb6 13. a4 a5 14. Rfd1 Re8 15. h4 h5 16. Bc1 Qe7 17. Bg5 Nbd7 18. Bxh5 Qb4 19. Qxb4 axb4 20. Bf3 b6 21. Rac1 Rac8 22. Kf1 c5 23. cxd5 Nxd5 24. Bxd5 exd5 25. dxc5 bxc5 26. Rxd5 1-0